| 000 | 00642cab a2200193 4500 | ||
|---|---|---|---|
| 001 | WB2649-52 | ||
| 008 | 090401t1990 xxu||||| |||| 00| 0 eng d | ||
| 035 | _a(Sirsi) u46090 | ||
| 041 | _aeng | ||
| 245 | _aCrown protects fishing rights | ||
| 260 | _c1990 | ||
| 350 | _a0 | ||
| 490 |
_aGuardian _v12/12/90 p1 |
||
| 520 | _aA clause has been added to a private bill exempting the Crown Estate from moves by the British Waterways Board to abolish all free sporting rights not regularly exercised by landowners along its canals and rivers . | ||
| 650 | _aFISHING RIGHTS | ||
| 690 | _aRURAL PRACTICE | ||
| 942 | _n0 | ||
| 948 | _c04/03/1997 | ||
| 999 |
_c29161 _d29161 |
||